Welcome to CU Library Online Public Access Catalogue (OPAC)

Obstetric and perinatal infections / (Record no. 4134)

MARC details
000 -LEADER
fixed length control field 00774pam a2200241 a 4500
001 - CONTROL NUMBER
control field 2976693
005 - DATE AND TIME OF LATEST TRANSACTION
control field 20250222141355.0
008 - FIXED-LENGTH DATA ELEMENTS--GENERAL INFORMATION
fixed length control field 920414s1993 moua b 001 0 eng c
020 ## - INTERNATIONAL STANDARD BOOK NUMBER
International Standard Book Number 9781556643958
050 00 - LIBRARY OF CONGRESS CALL NUMBER
Classification number RG578
Item number .O27 1993
082 00 - DEWEY DECIMAL CLASSIFICATION NUMBER
Classification number 618.3/2
Edition information 20
245 00 - TITLE STATEMENT
Title Obstetric and perinatal infections /
Statement of responsibility, etc. [edited by] David Charles.
260 ## - PUBLICATION, DISTRIBUTION, ETC.
Place of publication, distribution, etc. St. Louis :
Name of publisher, distributor, etc. Mosby-Year Book,
Date of publication, distribution, etc. c1993.
300 ## - PHYSICAL DESCRIPTION
Extent xvi, 365 p. :
Other physical details ill. ;
Dimensions 28 cm.
440 #0 - SERIES STATEMENT/ADDED ENTRY--TITLE
Title Handbook of infectious diseases
650 #0 - SUBJECT ADDED ENTRY--TOPICAL TERM
Topical term or geographic name entry element Communicable diseases in pregnancy.
650 #0 - SUBJECT ADDED ENTRY--TOPICAL TERM
Topical term or geographic name entry element Communicable diseases in the fetus.
650 #0 - SUBJECT ADDED ENTRY--TOPICAL TERM
Topical term or geographic name entry element Neonatal infections.
650 #2 - SUBJECT ADDED ENTRY--TOPICAL TERM
Topical term or geographic name entry element Infection
General subdivision congenital.
650 #2 - SUBJECT ADDED ENTRY--TOPICAL TERM
Topical term or geographic name entry element Pregnancy Complications, Infectious.
700 1# - ADDED ENTRY--PERSONAL NAME
Personal name Charles, David,
Dates associated with a name 1924-
942 ## - ADDED ENTRY ELEMENTS (KOHA)
Source of classification or shelving scheme Library of Congress Classification
Koha item type Books
Suppress in OPAC No
999 ## -
-- 4134
-- 4134
Holdings
Withdrawn status Lost status Source of classification or shelving scheme Damaged status Not for loan Collection Home library Current library Shelving location Date acquired Total checkouts Full call number Barcode Date last seen Copy number Price effective from Koha item type
    Library of Congress Classification     Non-fiction Science Library (Miotso) Science Library (Miotso) General stacks 02/22/2025   RG578 .O27 OBS SLM00003653 02/22/2025 1 02/22/2025 Books
    Library of Congress Classification     Non-fiction Science Library (Miotso) Science Library (Miotso) General stacks 02/22/2025   RG578 .O27 OBS SLM00003654 02/22/2025 2 02/22/2025 Books
    Library of Congress Classification     Non-fiction Science Library (Miotso) Science Library (Miotso) General stacks 02/22/2025   RG578 .O27 OBS SLM00003655 02/22/2025 3 02/22/2025 Books
    Library of Congress Classification     Non-fiction Science Library (Miotso) Science Library (Miotso) General stacks 02/22/2025   RG578 .O27 OBS SLM00003656 02/22/2025 4 02/22/2025 Books
    Library of Congress Classification     Non-fiction Science Library (Miotso) Science Library (Miotso) General stacks 02/22/2025   RG578 .O27 OBS SLM00003657 02/22/2025 5 02/22/2025 Books
    Library of Congress Classification     Non-fiction Science Library (Miotso) Science Library (Miotso) General stacks 02/22/2025   RG578 .O27 OBS SLM00003658 02/22/2025 6 02/22/2025 Books
    Library of Congress Classification     Non-fiction Science Library (Miotso) Science Library (Miotso) General stacks 02/22/2025   RG578 .O27 OBS SLM00003659 02/22/2025 7 02/22/2025 Books
    Library of Congress Classification     Non-fiction Science Library (Miotso) Science Library (Miotso) General stacks 02/22/2025   RG578 .O27 OBS SLM00003660 02/22/2025 8 02/22/2025 Books
© 2023-2024 Copyright: Central University Libraries. All Rights Reserved | Created by: Mahone Tech Office